Statystyki dla Najtrudniejszy Quiz (Państwa już nieistniejące)

Kliknij tutaj aby rozwiązać quiz!

Ogólne statystyki

  • Ten quiz został rozwiązany 51 razy
  • Średni wynik to 12 z 191

Statystyki odpowiedzi

KontynentPaństwo% Poprawnych
EuropaJugosławia
75%
EuropaCzechosłowacja
67%
Europa-Azja
-Afryka
Imperium Osmańskie
50%
EuropaAustro-Węgry
47%
AfrykaZair
42%
EuropaPrusy
36%
Europa-AzjaZwiązek Socjalistycznych Republik Radzieckich
31%
EuropaImperium Brytyjskie
28%
AzjaPersja
28%
EuropaRzeczpospolita Obojga Narodów
28%
Europa3 Rzesza
25%
EuropaImperium Francuskie
25%
EuropaImperium Hiszpańskie
25%
EuropaImperium Rzymskie
25%
EuropaImperium Rosyjskie
22%
EuropaSzkocja
22%
EuropaWalia
22%
AzjaImperium Mongolskie
19%
EuropaImperium Portugalskie
19%
AzjaMezopotamia
19%
EuropaNiemiecka Republika Demokratyczna
19%
AzjaTybet
19%
Europa
Wolne Miasto Gdańsk
19%
EuropaAragonia
17%
EuropaBawaria
17%
EuropaKastylia
17%
EuropaAnglia
14%
AzjaBirma
14%
AzjaCesarstwo Japońskie
14%
EuropaCesarstwo Niemieckie
14%
EuropaKrólestwo Polskie
14%
EuropaWenecja
14%
AfrykaAbisynia
11%
AzjaDynastia Qing
11%
AzjaImperium Japońskie
11%
EuropaKrym
11%
EuropaNowogród
11%
EuropaŚwięte Cesarstwo Rzymskie
11%
AzjaSyjam
11%
AzjaZłota Orda
11%
EuropaAteny
8%
EuropaChanat Krymski
8%
AzjaHolenderskie Indie Wschodnie
8%
EuropaIrlandia Północna
8%
EuropaKatalonia
8%
AzjaMandżuko
8%
EuropaMazowsze
8%
Ameryka
Północna
Nowa Fundlandia
8%
AfrykaStarożytny Egipt
8%
Ameryka
Północna
Teksas
8%
EuropaBerlin Zachodni
6%
EuropaBohemia
6%
EuropaBretania
6%
EuropaBurgundia
6%
Ameryka
Południowa
Cesarstwo Brazylii
6%
EuropaCesarstwo Rosyjskie
6%
EuropaFlandria
6%
EuropaGalicja
6%
AfrykaGórna Wolta
6%
EuropaHospodarstwo Mołdawskie
6%
AzjaJemen Południowy
6%
EuropaMacedonia
6%
EuropaMoskwa
6%
EuropaNawarra
6%
EuropaPaństwo Kościelne
6%
EuropaPomorze
6%
EuropaWielka Orda
6%
EuropaWielkie Księstwo Litewskie
6%
AzjaBengal
3%
EuropaBośnia
3%
AzjaCejlon
3%
EuropaCzerkiesja
3%
AfrykaDahomej
3%
EuropaDruga Republika Hiszpańska
3%
EuropaEpir
3%
AzjaHa'il
3%
EuropaHolsztyn
3%
Ameryka
Północna
Honduras Brytyjski
3%
EuropaImperium Włoskie
3%
AzjaIndie Brytyjskie
3%
AzjaJemen Północny
3%
EuropaKazań
3%
EuropaKorsyka
3%
EuropaMunster
3%
EuropaNevers
3%
EuropaNiemcy Zachodnie
3%
EuropaOffaly
3%
EuropaProtektorat Saary
3%
EuropaProwansja
3%
EuropaPrusy Zakonne
3%
EuropaPsków
3%
EuropaRiazań
3%
EuropaSardynia
3%
Ameryka
Północna
Skonfederowane Stany Ameryki
3%
AfrykaSuazi
3%
EuropaSycylia
3%
AzjaTuwa
3%
Ameryka
Południowa
Wielka Kolumbia
3%
AzjaWietnam Północny
3%
AzjaWietnam Południowy
3%
EuropaWolne Miasto Kraków
3%
EuropaWołoszczyzna
3%
AfrykaAksum
0%
Europa-Azja
-Afryka
Aleksandria
0%
AzjaAngkor
0%
EuropaArmagnac
0%
AzjaAsir
0%
OceaniaAustralazja
0%
EuropaAwarowie
0%
AfrykaBiafra
0%
EuropaBiełoziero
0%
Europa-AzjaBizantjum
0%
EuropaBolonia
0%
EuropaBurbonia
0%
EuropaCesarstwo Austrii
0%
Ameryka
Północna
Cesarstwo Meksyku
0%
EuropaClanricarde
0%
EuropaCospaia
0%
EuropaDesmond
0%
EuropaFoix
0%
AzjaFromoza
0%
EuropaFryzja Wschodnia
0%
EuropaGazikumukh
0%
EuropaGeuna
0%
Ameryka
Południowa
Gujana Holenderska
0%
AzjaHatay
0%
Ameryka
Północna
Hawaje
0%
EuropaHercegowina
0%
EuropaImperium Karolińskie
0%
AzjaImperium Koreańskie
0%
AfrykaImperium Songhaju
0%
AzjaImperium Wielkich Mongołów
0%
EuropaJarosław
0%
EuropaJedysan
0%
EuropaKamieniec
0%
AfrykaKatanga
0%
EuropaKildare
0%
Ameryka
Południowa
Konfederacja PeruwiańskoBoliwijska
0%
AfrykaKrólestwo Egipskie
0%
AfrykaKrólestwo Kusz
0%
EuropaKrólestwo Mann i Wysp
0%
EuropaKsięstwo Samona
0%
EuropaLeinster
0%
AzjaNadżd i Hasa
0%
EuropaNaksos
0%
EuropaNeapol
0%
AfrykaNiasaland
0%
Ameryka
Południowa
Nowa Grenada
0%
OceaniaNowa Holandia
0%
OceaniaNowe Hebrydy
0%
EuropaOdojew
0%
EuropaOrania
0%
EuropaOrda Nogajska
0%
EuropaOrlean
0%
EuropaOrmond
0%
EuropaOwernia
0%
AfrykaPaństwo Derwiszów
0%
EuropaPerm
0%
EuropaPerugia
0%
EuropaRaguza
0%
AfrykaRodezja Północna
0%
AfrykaRodezja Południowa
0%
EuropaRostów
0%
EuropaRycerze
0%
EuropaRyga
0%
EuropaRzeczpospolita Zakopiańska`
0%
EuropaSenarica
0%
EuropaSerbio-Czarnogóra
0%
AzjaSikkim
0%
EuropaSligo
0%
EuropaSzyrwan
0%
EuropaTeodoro
0%
EuropaTerytorium Saary
0%
EuropaThomond
0%
AfrykaTranswal
0%
AzjaTuwińsk
0%
EuropaTwer
0%
EuropaTyrconnell
0%
EuropaTyrone
0%
EuropaUlster
0%
EuropaUnia Kalamarska
0%
EuropaUrbino
0%
EuropaWielkie Księstwo Finlandii
0%
AfrykaWolne Państwo Kongo
0%
AzjaWschodni Pakistan
0%
EuropaWspółnota Niepodległych Państw
0%
EuropaZakon Inflantów
0%
Afryka-AzjaZjednoczona Republika Arabska
0%
EuropaZjednoczone Królestwo Niderlandów
0%
AfrykaZłote Wybrzeże
0%
AfrykaZwiązek Południowej Afryki
0%

Rozkład punktacji

Percentyl według liczby udzielonych odpowiedzi

Procent ludzi z każdym wynikiem

Twoja historia wyników

Nie rozwiązałeś tego quizu